|
|
|
|
| LEADER |
00000nab a2200000 a 4500 |
| 001 |
vtls000653582 |
| 003 |
SK-MaSNL |
| 005 |
20260302185948.0 |
| 008 |
180206c1998 xo 0 slo |
| 015 |
|
|
|a SNBRA1998/02-05271
|
| 035 |
|
|
|a CLN000005775
|
| 040 |
|
|
|a SNKBUCL
|b slo
|c SNKBUCL
|e AACR2
|
| 041 |
0 |
|
|a slo
|
| 044 |
|
|
|a xo
|c SK
|
| 080 |
|
|
|a 159.931-056.262
|2 UDC-MRF-SK2
|
| 080 |
|
|
|a 681.3
|2 UDC-MRF-SK2
|
| 100 |
1 |
|
|a Benka, Marián
|4 aut
|9 657818
|
| 245 |
1 |
0 |
|a Počítače pre nevidiacich
|b v Rumunsku majú s Internetom menšie problémy ako u nás : Marián Benka
|
| 300 |
|
|
|b Obr.
|
| 650 |
0 |
7 |
|a ľudia postihnutí zrakovo
|x počítače
|x využitie
|2 snkbucl
|9 903320
|
| 650 |
0 |
7 |
|a počítače
|x osoby postihnuté zrakovo
|2 snkbucl
|9 903321
|
| 655 |
|
7 |
|a články z novín a časopisov
|2 snkbucl
|9 267496
|
| 773 |
0 |
|
|t Slovenský profit
|g Roč. 6, č. 6 (1998), s. 13
|
| 850 |
|
|
|a Slovenská národná knižnica v Martine
|
| 852 |
|
|
|a SNK
|b KIS3GCP
|
| 958 |
|
|
|a RBX
|
| 999 |
|
|
|c 1431621
|d 1433551
|